000 00395nam a22001577a 4500
005 20180201151202.0
008 160427b xxu||||| |||| 00| 0 eng d
020 _a0-81-259-0790-4
041 _aeng
082 _b00343
_a004
100 _aLeon, Alexis and mathews leon
_94041
245 _aIntroduction to Computers
260 _aNew Delhi
_bLeon Techworld,
_c1999
300 _a424
942 _cBK
999 _c110
_d110